Atlas of high resolution IUE spectra of late-type stars 2500-3230 Angstrom (Record no. 7992)

MARC details
000 -LEADER
fixed length control field 00878nam a2200241Ia 4500
003 - CONTROL NUMBER IDENTIFIER
control field IN-BaIIA
008 - FIXED-LENGTH DATA ELEMENTS--GENERAL INFORMATION
fixed length control field 211028s9999 xx 000 0 eng d
040 ## - CATALOGING SOURCE
Transcribing agency IIA Library
080 ## - UNIVERSAL DECIMAL CLASSIFICATION NUMBER
Universal Decimal Classification number 084.4:52
Item number WIN
100 ## - MAIN ENTRY--PERSONAL NAME
Personal name Wing, Robert F.
9 (RLIN) 13480
245 #0 - TITLE STATEMENT
Title Atlas of high resolution IUE spectra of late-type stars 2500-3230 Angstrom
Statement of responsibility, etc. Robert F. Wing, Kenneth G. Carpenter and Glenn M. Wahlgren
260 ## - PUBLICATION, DISTRIBUTION, ETC.
Place of publication, distribution, etc. Ohio
Name of publisher, distributor, etc. Perkins Observatory
Date of publication, distribution, etc. 1983
300 ## - PHYSICAL DESCRIPTION
Extent xxvii, 107p.
490 ## - SERIES STATEMENT
Series statement Perkins Observatory special publication; no. 1
650 ## - SUBJECT ADDED ENTRY--TOPICAL TERM
Topical term or geographic name entry element Astronomy and Astrophysics Thesaurus
650 ## - SUBJECT ADDED ENTRY--TOPICAL TERM
Topical term or geographic name entry element Atlas-IUE spectra
9 (RLIN) 13481
650 ## - SUBJECT ADDED ENTRY--TOPICAL TERM
Topical term or geographic name entry element Atlas-Spectra
9 (RLIN) 1831
650 ## - SUBJECT ADDED ENTRY--TOPICAL TERM
Topical term or geographic name entry element Atlas-Stars
9 (RLIN) 1192
650 ## - SUBJECT ADDED ENTRY--TOPICAL TERM
Topical term or geographic name entry element Late type stars atlas
9 (RLIN) 13482
700 ## - ADDED ENTRY--PERSONAL NAME
Personal name Carpenter, Kenneth G.
9 (RLIN) 13483
700 ## - ADDED ENTRY--PERSONAL NAME
Personal name Wahlgren, Glenn M.
9 (RLIN) 13484
942 ## - ADDED ENTRY ELEMENTS (KOHA)
Koha item type Books
952 ## - LOCATION AND ITEM INFORMATION (KOHA)
-- 5.00
Holdings
Withdrawn status Lost status Damaged status Not for loan Home library Current library Shelving location Date acquired Total Checkouts Full call number Barcode Date last seen Price effective from Koha item type
        IIA Library-Bangalore IIA Library-Bangalore General Stacks 12/11/1984   084.4:52/ WIN 8815 05/11/2021 12/11/1984 Books

Powered by Koha